320 câu hỏi về phòng chữa bệnh cảm mạo

Đã lưu trong:
Sonraí Bibleagrafaíochta
Príomhúdar: Vương, Hồng Mô
Formáid: Leabhar
Teanga:Undetermined
Foilsithe: Hà Nội Nhà xuất bản Hà Nội 2004
Ábhair:
Clibeanna: Cuir Clib Leis
Gan Chlibeanna, Bí ar an gcéad duine leis an taifead seo a chlibeáil!
Thư viện lưu trữ: Trung tâm Học liệu Trường Đại học Cần Thơ
LEADER 00610nam a2200193Ia 4500
001 CTU_74303
008 210402s9999 xx 000 0 und d
020 |b 40000 
082 |a 616.203 
082 |b M450 
100 |a Vương, Hồng Mô 
245 0 |a 320 câu hỏi về phòng chữa bệnh cảm mạo 
245 0 |c Vương Hồng Mô (chủ biên) ; Phạm Ninh (dịch) 
260 |a Hà Nội 
260 |b Nhà xuất bản Hà Nội 
260 |c 2004 
650 |a Cold,Influenza 
904 |i Nguyên, QHieu 
980 |a Trung tâm Học liệu Trường Đại học Cần Thơ